| 000 | 02424nam0a2200397 4500 | ||
|---|---|---|---|
| 001 | RU\NLR\BIBL_A\012232491 | ||
| 005 | 20260409080352.0 | ||
| 010 |
_a978-5-00109-852-2 _9500 |
||
| 021 |
_aRU _b2020-1728 _9КН-П-119 |
||
| 035 | _a(NLR Aleph) 012232491 | ||
| 035 | _a(RuMoRGB)010229867 | ||
| 090 |
_a10993115 _c10993115 |
||
| 100 | _a20200228d2019 |||y0rusy50 ca | ||
| 101 | 0 |
_arus _deng |
|
| 102 | _aRU | ||
| 105 | _aab||z|||100zy | ||
| 181 | 0 |
_ai _baxxe |
|
| 182 | 0 | _an | |
| 200 | 1 |
_aАктуальные проблемы и приоритеты социально-экономического развития региона в условиях цифровой трансформации _eсборник статей Всероссийской научно-практической конференции, (г. Уфа, 4-6 декабря 2019 г.) _f[редакционная коллегия: Гаязов Альфис Суфиянович, д.п.н., проф., акад. АН РБ, чл.-кор. Рос. акад. образования] |
|
| 203 |
_aТекст _bвизуальный _cнепосредственный |
||
| 210 |
_aУфа _cАэтерна _d2019 |
||
| 215 |
_a158 с. _cил., карт., табл. _d21 |
||
| 300 | _aРез. англ. | ||
| 320 | _aБиблиогр. в конце ст. | ||
| 606 |
_aЦифровая экономика _yРоссийская Федерация _jСъезды, совещания и т.п _3RU\NLR\AUTH\6601752480 _92664453 |
||
| 607 |
_aРоссийская Федерация _jСъезды, совещания и т.п _xСоциально-экономическое развитие _xРегиональный аспект _92155873 _3RU\NLR\AUTH\661297883 |
||
| 686 | 1 | _aУ39(2Р)я431 | |
| 686 | 1 | _aУ04(2Р)9я431 | |
| 702 | 1 |
_aГаязов _bА.С. _gАльфис Суфиянович _4340 |
|
| 711 | 1 | 2 |
_a"Актуальные проблемы и приоритеты социально-экономического развития региона в условиях цифровой трансформации", всероссийская научно-практическая конференция _eУфа _f2019 _9699752 _3RU\NLR\AUTH\880519469 |
| 942 | _cBOOK | ||
| 980 | _aNBR | ||
| 980 | _aNB | ||